Filosofía : C.O.U.

Gespeichert in:
Bibliographische Detailangaben
Körperschaft: Instituto Nacional de Bachillerato a Distancia Seminario de Filosofía
Format: Buch
Sprache:Spanisch
Erschienen: Madrid : Servicio de Publicaciones del Ministerio de Educación y Ciencia, D.L. 1981-82
Katalog:MANES:  Suchergebnis im Bibliothekskatalog
Schulbuchspezifische Eigenschaften:
Schlagworte:
Tags: Tag hinzufügen
Keine Tags, Fügen Sie den ersten Tag hinzu!
Hinzugefügt zu:17.06.1998
Geändert in:07.05.2025

MARC

LEADER 00000cam a2200000 a 4500
005 20250507134541.0
008 980618m19811982sp r 000 spa
020 |a 8436908716 (V. 1)  |a 8436909011 (V. 3) 
040 |a uned  |b spa  |c entro-manes 
245 0 0 |a Filosofía :  |b C.O.U. /   |c Instituto Nacional de Bachillerato a Distancia 
260 |a Madrid :   |b Servicio de Publicaciones del Ministerio de Educación y Ciencia,   |c D.L. 1981-82 
300 |a [2] v. 
505 1 |a Contiene :   |g Documento 1 --   |g Documento 3 
546 |a España 
561 |5 es-BUNED  |3 L.T.M. 1367  |a España. Fondo Manes UNED  |k MANES 
690 0 |a FILO  |a LEN 
650 7 |a Material didáctico 
691 0 |a SE 
710 2 |a Instituto Nacional de Bachillerato a Distancia  |c (España).   |b Seminario de Filosofía 
942 |2 ddc  |c BK 
999 |c 97037  |d 97037 
999 |c manes:97037  |d 97037